| 000 | 00546nam a22001937a 4500 | ||
|---|---|---|---|
| 003 | OSt | ||
| 005 | 20251106005642.0 | ||
| 008 | 251106b |||||||| |||| 00| 0 eng d | ||
| 020 | _a 0-0892-2666-9. | ||
| 040 |
_aDWCL-Admin lib _cOC |
||
| 082 | _aCirc. 641.59597 J13c 1999 | ||
| 100 | _aJackson, Annabel | ||
| 245 |
_aCafe vietnam / _cAnnabel Jackson |
||
| 260 |
_a Ill. : _bContemporary Books, _cc1999 |
||
| 300 |
_a 128 p. : col ill. ; _c22 cm. |
||
| 504 | _aIncludes index. | ||
| 650 | _a1. Cooking-Vietnam | ||
| 942 |
_2ddc _cBK-CIRC _kCirc. _n0 |
||
| 999 |
_c5515 _d5515 |
||